[Event "FICGS rapid E 000177 email"]
[White "Salinas, Marcelo"]
[Black "Benone, Mateia"]
[Site "FICGS email"]
[Round "1"]
[Result "0-1"]
[Date "2016.09.22"]
[WhiteElo "1175"]
[BlackElo "1185"]
[PlyCount "64"]
[EventDate "2016.??.??"]
[EventType "tourn (rapid)"]
[EventRounds "6"]
[SourceTitle "Corr 2022"]
[Source "ChessBase"]
[SourceDate "2021.10.24"]
[SourceVersion "1"]
[SourceVersionDate "2021.10.24"]
[SourceQuality "1"]

1. e4 e5 2. Bc4 Nf6 3. Qf3 c6 4. Qb3 d5 5. exd5 cxd5 6. Bb5+ Nc6 7. Nf3 Bd6 8. 0-0 e4 9. Nd4 0-0 10. Bxc6 bxc6 11. Nxc6 Qc7 12. Nd4 Bxh2+ 13. Kh1 Be5 14. Nb5 Qd7 15. a4 Rb8 16. f4 exf3 17. Qxf3 d4 18. Qe2 Re8 19. c3 d3 20. Qf2 a6 21. Nd4 Ng4 22. Qf3 Nh2 23. Qxd3 Nxf1 24. Qxf1 Bg3 25. Ne2 Qd3 26. Nxg3 Qxg3 27. d4 Re1 28. Nd2 Rxf1+ 29. Nxf1 Qe1 30. Kg1 Bg4 31. Bf4 Qxa1 32. Bxb8 Be2 0-1

[Event "FICGS class F 000181 email"]
[White "Hilbert, Stephan"]
[Black "Salinas, Marcelo"]
[Site "FICGS email"]
[Round "1"]
[Result "1-0"]
[Date "2016.09.11"]
[WhiteElo "1354"]
[BlackElo "1175"]
[PlyCount "37"]
[EventDate "2016.??.??"]
[EventType "tourn (corr)"]
[EventRounds "5"]
[SourceTitle "Corr 2022"]
[Source "ChessBase"]
[SourceDate "2021.10.24"]
[SourceVersion "1"]
[SourceVersionDate "2021.10.24"]
[SourceQuality "1"]

1. c4 e6 2. Nc3 Nc6 3. g3 d5 4. Bg2 Qf6 5. Nf3 Bc5 6. 0-0 Nd4 7. cxd5 e5 8. Ne4 Nxf3+ 9. Bxf3 Qb6 10. e3 Nf6 11. a3 Nxd5 12. b4 Be7 13. Bb2 Bf6 14. Nxf6+ Nxf6 15. d4 e4 16. Bg2 Bg4 17. Qc2 Bf3 18. d5 0-0-0 19. Bd4 1-0

[Event "FICGS rapid E 000176 email"]
[White "Salinas, Marcelo"]
[Black "Niglio, Biagio"]
[Site "FICGS email"]
[Round "1"]
[Result "0-1"]
[Date "2016.09.04"]
[WhiteElo "1175"]
[BlackElo "1193"]
[PlyCount "64"]
[EventDate "2016.??.??"]
[EventType "tourn (rapid)"]
[EventRounds "6"]
[SourceTitle "Corr 2022"]
[Source "ChessBase"]
[SourceDate "2021.10.24"]
[SourceVersion "1"]
[SourceVersionDate "2021.10.24"]
[SourceQuality "1"]

1. Na3 e5 2. e4 Nf6 3. Bc4 Nxe4 4. Qh5 Qf6 5. Nf3 Nc6 6. Nb5 Bd6 7. d3 a6 8. Nxd6+ Nxd6 9. Ng5 Nxc4 10. dxc4 d6 11. 0-0 Bf5 12. Qd1 h6 13. Nf3 0-0 14. c3 Bg4 15. Re1 Rfe8 16. h3 Bh5 17. g4 Bg6 18. h4 e4 19. Nd4 Nxd4 20. Qxd4 Qxh4 21. Qd1 h5 22. g5 Bf5 23. Kf1 Bg4 24. f3 Bxf3 25. Re2 Qh1+ 26. Kf2 Qxd1 27. Re3 Re5 28. g6 Rg5 29. gxf7+ Kxf7 30. Rxf3+ Qxf3+ 31. Ke1 Rg1+ 32. Kd2 Qd3# 0-1

[Event "FICGS rapid E 000172 email"]
[White "Salinas, Marcelo"]
[Black "Segur, Laurine"]
[Site "FICGS email"]
[Round "1"]
[Result "0-1"]
[Date "2016.04.17"]
[WhiteElo "1229"]
[BlackElo "1047"]
[PlyCount "36"]
[EventDate "2016.??.??"]
[EventType "tourn (rapid)"]
[EventRounds "6"]
[SourceTitle "Corr 2022"]
[Source "ChessBase"]
[SourceDate "2021.10.24"]
[SourceVersion "1"]
[SourceVersionDate "2021.10.24"]
[SourceQuality "1"]

1. Nc3 e5 2. Ne4 d5 3. Ng3 Nc6 4. e3 Nf6 5. Nf3 e4 6. Ng5 h6 7. Nh3 Bxh3 8. gxh3 Qd7 9. d3 0-0-0 10. dxe4 Nxe4 11. Bb5 a6 12. Bxc6 Qxc6 13. Qg4+ Kb8 14. c3 Nxc3 15. 0-0 Ne4 16. Qe2 h5 17. h4 Qg6 18. Bd2 Be7 0-1

[Event "FICGS class E 000189 email"]
[White "Salinas, Marcelo"]
[Black "Budnar, Milos"]
[Site "FICGS email"]
[Round "1"]
[Result "0-1"]
[Date "2016.04.05"]
[WhiteElo "1229"]
[BlackElo "1444"]
[PlyCount "58"]
[EventDate "2016.??.??"]
[EventType "tourn (corr)"]
[EventRounds "5"]
[SourceTitle "Corr 2022"]
[Source "ChessBase"]
[SourceDate "2021.10.24"]
[SourceVersion "1"]
[SourceVersionDate "2021.10.24"]
[SourceQuality "1"]

1. e4 e5 2. Nc3 Nf6 3. Qf3 b6 4. d4 d6 5. Bg5 h6 6. Bxf6 Qxf6 7. Nd5 Qd8 8. dxe5 dxe5 9. Qc3 Bd6 10. Bc4 Nd7 11. Bb5 c5 12. Nf3 0-0 13. b4 f6 14. 0-0 a6 15. Bxd7 Bxd7 16. a4 a5 17. b5 Be6 18. Nh4 Kh7 19. Qg3 Bf7 20. Nf5 Bg6 21. c4 Rb8 22. h4 Bxf5 23. exf5 Qd7 24. Qg4 Qf7 25. h5 Kh8 26. Rad1 Rfd8 27. f3 Rd7 28. g3 Bc7 29. Qg6 Qxg6 0-1

[Event "FICGS class E 000187 email"]
[White "Hilbert, Stephan"]
[Black "Salinas, Marcelo"]
[Site "FICGS email"]
[Round "1"]
[Result "1-0"]
[Date "2016.02.17"]
[WhiteElo "1303"]
[BlackElo "1221"]
[PlyCount "121"]
[EventDate "2016.??.??"]
[EventType "tourn (corr)"]
[EventRounds "5"]
[SourceTitle "Corr 2022"]
[Source "ChessBase"]
[SourceDate "2021.10.24"]
[SourceVersion "1"]
[SourceVersionDate "2021.10.24"]
[SourceQuality "1"]

1. Nh3 e5 2. f4 Qh4+ 3. g3 Qh5 4. Nc3 d6 5. Nf2 exf4 6. Bg2 fxg3 7. hxg3 Qg5 8. Nce4 Qg6 9. d3 Bf5 10. Bf4 d5 11. Nc3 Bb4 12. Qd2 d4 13. Bxb7 dxc3 14. bxc3 Qf6 15. Qe3+ Ne7 16. 0-0 Bxc3 17. Rab1 Bd4 18. Qf3 Bh3 19. Bxa8 Bxf1 20. Rxb8+ Kd7 21. Rxh8 Bxf2+ 22. Kxf2 g5 23. Kxf1 Qxh8 24. Qe4 gxf4 25. gxf4 c6 26. Bb7 Qb8 27. Qd4+ Nd5 28. Ba6 Qxf4+ 29. Qxf4 Nxf4 30. e4 h5 31. Kf2 h4 32. Bc4 f6 33. Bf7 Ke7 34. Bc4 h3 35. Kg3 Kd6 36. d4 c5 37. d5 Ke5 38. Bf1 Kxe4 39. d6 Ne6 40. Bxh3 f5 41. c4 Ke5 42. d7 f4+ 43. Kf2 Nd8 44. Kf3 a5 45. a3 Nf7 46. Bg4 Ng5+ 47. Ke2 Nf7 48. Kd3 Kd6 49. Ke4 f3 50. Kxf3 Kc7 51. Ke4 Kd6 52. Kf4 Kc7 53. Be6 Nd8 54. Ke5 a4 55. Kf6 Kd6 56. Bh3 Nc6 57. Kf7 Ne5+ 58. Ke8 Nc6 59. Bg2 Kc7 60. Bxc6 Kxc6 61. d8Q 1-0

[Event "FICGS class E 000187 email"]
[White "Joubert, Hennie"]
[Black "Salinas, Marcelo"]
[Site "FICGS email"]
[Round "1"]
[Result "0-1"]
[Date "2016.02.17"]
[WhiteElo "1330"]
[BlackElo "1221"]
[PlyCount "50"]
[EventDate "2016.??.??"]
[EventType "tourn (corr)"]
[EventRounds "5"]
[SourceTitle "Corr 2022"]
[Source "ChessBase"]
[SourceDate "2021.10.24"]
[SourceVersion "1"]
[SourceVersionDate "2021.10.24"]
[SourceQuality "1"]

1. e4 e6 2. d4 Bb4+ 3. c3 Ba5 4. Nf3 d6 5. Be2 Nf6 6. 0-0 Nxe4 7. Qc2 d5 8. Bd3 f5 9. Bf4 g5 10. Be5 0-0 11. Nbd2 g4 12. Ne1 Qh4 13. f3 g3 14. h3 Nc6 15. f4 Nxe5 16. fxe5 Bb6 17. Ndf3 Qf4 18. Qe2 c5 19. Rd1 Bd7 20. Nd2 Nf2 21. Rc1 cxd4 22. c4 Qe3 23. Qxe3 dxe3 24. Ndf3 Nxd3 25. Nxd3 e2+ 0-1

[Event "FICGS class F 000172 email"]
[White "Kehayov, Yulian"]
[Black "Salinas, Marcelo"]
[Site "FICGS email"]
[Round "1"]
[Result "0-1"]
[Date "2016.01.23"]
[WhiteElo "1091"]
[BlackElo "1221"]
[PlyCount "116"]
[EventDate "2016.??.??"]
[EventType "tourn (corr)"]
[EventRounds "5"]
[SourceTitle "Corr 2022"]
[Source "ChessBase"]
[SourceDate "2021.10.24"]
[SourceVersion "1"]
[SourceVersionDate "2021.10.24"]
[SourceQuality "1"]

1. e4 e5 2. Nf3 d6 3. d4 Bg4 4. Be2 Bxf3 5. Bxf3 Nc6 6. d5 Nd4 7. c3 Nxf3+ 8. Qxf3 Qh4 9. 0-0 g6 10. Be3 Nh6 11. Nd2 Ng4 12. h3 Nxe3 13. Qxe3 Bh6 14. Qe2 Bxd2 15. Qxd2 f5 16. exf5 gxf5 17. f3 f4 18. c4 Rg8 19. Kh1 0-0-0 20. b3 b6 21. Qf2 Qg3 22. Qxg3 Rxg3 23. Rae1 Rdg8 24. Rg1 a5 25. Re4 Kd7 26. Kh2 c6 27. Kh1 Rc8 28. Rd1 h5 29. Kg1 c5 30. a4 h4 31. Rd2 Rb8 32. Rde2 Rg5 33. Kh1 Kc7 34. Kh2 Kb7 35. Re1 Ka6 36. R1e2 Rbg8 37. Kh1 Rg3 38. Rf2 R8g5 39. Kh2 Rg6 40. Kh1 Kb7 41. Kh2 Kc7 42. Kh1 Kd7 43. Kg1 Ke7 44. Kh2 Kf6 45. Kg1 Kf5 46. Kf1 R6g5 47. Rfe2 Kf6 48. Kg1 Rxh3 49. Kf2 Rh2 50. Kf1 Rh1+ 51. Kf2 Rb1 52. g3 Rxg3 53. Re1 Rxb3 54. Rxe5 dxe5 55. Rxe5 Kxe5 56. d6 h3 57. d7 Rg2+ 58. Kf1 Rb1# 0-1

[Event "FICGS class F 000172 email"]
[White "Salinas, Marcelo"]
[Black "Barradas, Anderson"]
[Site "FICGS email"]
[Round "1"]
[Result "0-1"]
[Date "2016.01.23"]
[WhiteElo "1221"]
[BlackElo "1295"]
[PlyCount "116"]
[EventDate "2016.??.??"]
[EventType "tourn (corr)"]
[EventRounds "5"]
[SourceTitle "Corr 2022"]
[Source "ChessBase"]
[SourceDate "2021.10.24"]
[SourceVersion "1"]
[SourceVersionDate "2021.10.24"]
[SourceQuality "1"]

1. e4 e5 2. Qh5 Nc6 3. Bc4 Qe7 4. d3 g6 5. Qf3 Nd4 6. Qd1 h5 7. Nf3 d5 8. Bb5+ Nxb5 9. Bg5 Nf6 10. exd5 Bh6 11. Bh4 Bg4 12. h3 Bxf3 13. Qxf3 g5 14. Bg3 Nd4 15. Qd1 0-0-0 16. c3 Nf5 17. 0-0 Nxd5 18. Qa4 Nxg3 19. fxg3 Qc5+ 20. d4 exd4 21. cxd4 Qb6 22. Rf2 g4 23. Nc3 Be3 24. Nxd5 Rxd5 25. Qb3 Qxd4 26. Raf1 Bxf2+ 27. Rxf2 Qd1+ 28. Qxd1 Rxd1+ 29. Kh2 Rh7 30. h4 b6 31. b3 Kd7 32. b4 a5 33. bxa5 bxa5 34. a4 Rd4 35. Ra2 c5 36. Kg1 f5 37. Kf2 Re7 38. Ra3 c4 39. Rc3 Kc6 40. Kf1 Kc5 41. Rc2 Kb4 42. Rb2+ Kxa4 43. Ra2+ Kb5 44. Rb2+ Ka6 45. Kf2 a4 46. Re2 Rde4 47. Rd2 R7e6 48. Rd5 Re2+ 49. Kg1 a3 50. Rxf5 Re1+ 51. Kh2 a2 52. Rxh5 a1Q 53. Ra5+ Kb6 54. Rxa1 R1e3 55. Kg1 Re2 56. Kf1 c3 57. Re1 Rxe1+ 58. Kf2 R6e2# 0-1

[Event "FICGS rapid E 000166 email"]
[White "Bromo, Alexis"]
[Black "Salinas, Marcelo"]
[Site "FICGS email"]
[Round "1"]
[Result "1-0"]
[Date "2016.01.05"]
[WhiteElo "1095"]
[BlackElo "1221"]
[PlyCount "69"]
[EventDate "2016.??.??"]
[EventType "tourn (rapid)"]
[EventRounds "6"]
[SourceTitle "Corr 2022"]
[Source "ChessBase"]
[SourceDate "2021.10.24"]
[SourceVersion "1"]
[SourceVersionDate "2021.10.24"]
[SourceQuality "1"]

1. d4 e6 2. c4 Qh4 3. Nf3 Bb4+ 4. Nc3 Qh5 5. e3 Nc6 6. Bd2 Nge7 7. a3 Bxc3 8. Bxc3 d6 9. Bd3 e5 10. 0-0 Bg4 11. Be4 f5 12. Bxc6+ bxc6 13. h3 Bxf3 14. Qxf3 Qf7 15. b3 e4 16. Qg3 0-0-0 17. a4 Ng6 18. Rfb1 h5 19. f3 Qe7 20. d5 c5 21. Qxg6 exf3 22. Qxf5+ Kb8 23. Qxf3 Rdf8 24. Qe2 g5 25. Bxh8 Rxh8 26. b4 Kc8 27. bxc5 dxc5 28. e4 Qe5 29. Ra3 a6 30. Qe3 g4 31. Qxc5 Qxe4 32. Rf1 gxh3 33. Rf8+ Rxf8 34. Qxf8+ Kd7 35. Qf7+ 1-0

[Event "FICGS rapid E 000161 email"]
[White "Joubert, Hennie"]
[Black "Salinas, Marcelo"]
[Site "FICGS email"]
[Round "1"]
[Result "0-1"]
[Date "2015.11.02"]
[WhiteElo "1415"]
[BlackElo "1066"]
[PlyCount "52"]
[EventDate "2015.??.??"]
[EventType "tourn (rapid)"]
[EventRounds "6"]
[SourceTitle "Corr 2022"]
[Source "ChessBase"]
[SourceDate "2021.10.24"]
[SourceVersion "1"]
[SourceVersionDate "2021.10.24"]
[SourceQuality "1"]

1. e4 e5 2. Nf3 Nc6 3. Bc4 Qf6 4. c3 Bc5 5. 0-0 d6 6. d4 exd4 7. Bg5 Qg6 8. cxd4 Nxd4 9. Nxd4 Bxd4 10. Qxd4 Qxg5 11. Re1 Bh3 12. g3 Qg4 13. Nd2 Ne7 14. f3 Qg6 15. Rac1 0-0 16. e5 Nc6 17. Qh4 Be6 18. exd6 cxd6 19. Bxe6 fxe6 20. Qc4 Ne5 21. Qb3 Nd3 22. Rxe6 Nxc1 23. Qd5 Qf7 24. Qxd6 Rad8 25. Qe5 Rxd2 26. Re7 Ne2+ 0-1

[Event "FICGS rapid E 000161 email"]
[White "Neil, Charles"]
[Black "Salinas, Marcelo"]
[Site "FICGS email"]
[Round "1"]
[Result "0-1"]
[Date "2015.11.02"]
[WhiteElo "1060"]
[BlackElo "1066"]
[PlyCount "46"]
[EventDate "2015.??.??"]
[EventType "tourn (rapid)"]
[EventRounds "6"]
[SourceTitle "Corr 2022"]
[Source "ChessBase"]
[SourceDate "2021.10.24"]
[SourceVersion "1"]
[SourceVersionDate "2021.10.24"]
[SourceQuality "1"]

1. Nf3 e6 2. e4 d6 3. d4 Nf6 4. Bg5 c5 5. dxc5 h6 6. Bh4 g5 7. Bg3 Nxe4 8. Bxd6 Nxd6 9. cxd6 Qxd6 10. Qxd6 Bxd6 11. Bd3 a6 12. 0-0 Nc6 13. Nc3 Nb4 14. a3 Nxd3 15. cxd3 Bd7 16. Rac1 Bb5 17. Nxb5 axb5 18. Rfe1 0-0 19. d4 f6 20. Rxe6 Bf4 21. Rc7 Bxc7 22. h4 g4 23. Nd2 Rae8 0-1

[Event "FICGS class F 000167 email"]
[White "Goldmund, Heike"]
[Black "Salinas, Marcelo"]
[Site "FICGS email"]
[Round "1"]
[Result "0-1"]
[Date "2015.10.17"]
[WhiteElo "1130"]
[BlackElo "1066"]
[PlyCount "56"]
[EventDate "2015.??.??"]
[EventType "tourn (corr)"]
[EventRounds "5"]
[SourceTitle "Corr 2022"]
[Source "ChessBase"]
[SourceDate "2021.10.24"]
[SourceVersion "1"]
[SourceVersionDate "2021.10.24"]
[SourceQuality "1"]

1. e4 e5 2. Nf3 Nc6 3. Bc4 Nd4 4. c3 Nxf3+ 5. Qxf3 Nf6 6. 0-0 d5 7. exd5 Bg4 8. Qg3 Bd6 9. Re1 e4 10. Qe3 Qd7 11. d3 Bf5 12. Nd2 Ng4 13. Qe2 0-0-0 14. dxe4 Bxh2+ 15. Kh1 Rhe8 16. f3 Bg3 17. fxg4 Bxe1 18. gxf5 Bg3 19. Qg4 Be5 20. Nf3 f6 21. Nxe5 Rxe5 22. Bf4 Rxe4 23. g3 Rxc4 24. Qe2 Qxd5+ 25. Kh2 Re4 26. Qf2 Qxf5 27. Rf1 Qh5+ 28. Kg2 Re2 0-1

[Event "FICGS no engines 00 email"]
[White "Foster, Duncan"]
[Black "Salinas, Marcelo"]
[Site "FICGS email"]
[Round "1"]
[Result "1-0"]
[Date "2015.08.05"]
[WhiteElo "1559"]
[BlackElo "1088"]
[PlyCount "95"]
[EventDate "2015.??.??"]
[EventType "swiss (corr)"]
[EventRounds "1"]
[SourceTitle "Corr 2022"]
[Source "ChessBase"]
[SourceDate "2021.10.24"]
[SourceVersion "1"]
[SourceVersionDate "2021.10.24"]
[SourceQuality "1"]

1. e4 e6 2. d4 d6 3. Nc3 Nf6 4. f4 d5 5. e5 Ne4 6. Nxe4 dxe4 7. Bd2 Qxd4 8. c3 Qb6 9. Qc2 e3 10. Bc1 Bc5 11. Be2 Bd7 12. b4 Be7 13. Nf3 Bc6 14. Qd3 Bxf3 15. Bxf3 f6 16. Bxe3 c5 17. exf6 Bxf6 18. Bxc5 Qc7 19. 0-0 Nc6 20. Qe3 0-0-0 21. Qxe6+ Qd7 22. Qc4 b6 23. Rad1 Qc7 24. Qe6+ Kb7 25. Bd6 Bd4+ 26. Rxd4 Rhe8 27. Bxc7 Rxe6 28. Bxd8 Kc8 29. Bxc6 Rxc6 30. c4 Re6 31. Bh4 g6 32. Re1 Rxe1+ 33. Bxe1 Kc7 34. a4 a5 35. bxa5 bxa5 36. Bxa5+ Kc6 37. Rd5 Kb7 38. Bc3 Kc6 39. a5 Kb7 40. Rd6 Kc7 41. c5 h6 42. a6 g5 43. f5 h5 44. f6 g4 45. f7 g3 46. h4 Kb8 47. f8Q+ Kc7 48. Qd8# 1-0

[Event "FICGS no engines 00 email"]
[White "Salinas, Marcelo"]
[Black "Gurgui, Dan"]
[Site "FICGS email"]
[Round "1"]
[Result "1-0"]
[Date "2015.08.05"]
[WhiteElo "1088"]
[BlackElo "984"]
[PlyCount "73"]
[EventDate "2015.??.??"]
[EventType "swiss (corr)"]
[EventRounds "1"]
[SourceTitle "Corr 2022"]
[Source "ChessBase"]
[SourceDate "2021.10.24"]
[SourceVersion "1"]
[SourceVersionDate "2021.10.24"]
[SourceQuality "1"]

1. e4 e5 2. Bc4 Nc6 3. Qh5 g6 4. Qf3 Nf6 5. Ne2 Na5 6. Qc3 c6 7. Qxe5+ Be7 8. d3 Nxc4 9. Qd4 Nb6 10. e5 Nfd5 11. e6 Bf6 12. exf7+ Kxf7 13. Qg4 d6 14. Qf3 Re8 15. 0-0 Nb4 16. d4 Nxc2 17. Qb3+ Be6 18. Qxc2 Bc4 19. Nbc3 Nd5 20. b3 Nxc3 21. bxc4 Nxe2+ 22. Kh1 Bxd4 23. Rb1 Nc3 24. Rxb7+ Re7 25. Bg5 Bf6 26. Bxf6 Ne2 27. Qxe2 Kxf6 28. Qf3+ Kg7 29. Qxc6 Rxb7 30. Qxb7+ Kg8 31. Rd1 Qc8 32. Qd5+ Kg7 33. Qxd6 Qxc4 34. Qe5+ Kg8 35. h3 Qxa2 36. Rd7 Qb1+ 37. Kh2 1-0

[Event "FICGS class F 000163 email"]
[White "Raman, Ranganathan"]
[Black "Salinas, Marcelo"]
[Site "FICGS email"]
[Round "1"]
[Result "0-1"]
[Date "2015.07.28"]
[WhiteElo "1303"]
[BlackElo "1088"]
[PlyCount "24"]
[EventDate "2015.??.??"]
[EventType "tourn (corr)"]
[EventRounds "5"]
[SourceTitle "Corr 2022"]
[Source "ChessBase"]
[SourceDate "2021.10.24"]
[SourceVersion "1"]
[SourceVersionDate "2021.10.24"]
[SourceQuality "1"]

1. Nc3 e6 2. Nf3 Bc5 3. e4 Nh6 4. d4 Bb4 5. a3 Bxc3+ 6. bxc3 d6 7. Bd3 c6 8. Ng5 f6 9. Nf3 Qa5 10. Bd2 e5 11. dxe5 d5 12. exf6 dxe4 0-1

[Event "FICGS rapid E 000156 email"]
[White "Salinas, Marcelo"]
[Black "Puzanov, Vasyl"]
[Site "FICGS email"]
[Round "1"]
[Result "1-0"]
[Date "2015.07.28"]
[WhiteElo "1088"]
[BlackElo "1215"]
[PlyCount "23"]
[EventDate "2015.??.??"]
[EventType "tourn (rapid)"]
[EventRounds "6"]
[SourceTitle "Corr 2022"]
[Source "ChessBase"]
[SourceDate "2021.10.24"]
[SourceVersion "1"]
[SourceVersionDate "2021.10.24"]
[SourceQuality "1"]

1. Nc3 d5 2. e4 d4 3. Nd5 e5 4. c3 c6 5. Qa4 b5 6. Bxb5 cxb5 7. Qxb5+ Bd7 8. Qc4 Nc6 9. b4 Rc8 10. Qa6 Nf6 11. d3 Be7 12. b5 1-0

[Event "FICGS class F 000160 email"]
[White "Bromo, Alexis"]
[Black "Salinas, Marcelo"]
[Site "FICGS email"]
[Round "1"]
[Result "1-0"]
[Date "2015.06.01"]
[WhiteElo "1096"]
[BlackElo "1156"]
[PlyCount "87"]
[EventDate "2015.??.??"]
[EventType "tourn (corr)"]
[EventRounds "5"]
[SourceTitle "Corr 2022"]
[Source "ChessBase"]
[SourceDate "2021.10.24"]
[SourceVersion "1"]
[SourceVersionDate "2021.10.24"]
[SourceQuality "1"]

1. d4 e6 2. c4 Qh4 3. Nf3 Bb4+ 4. Bd2 Bxd2+ 5. Nbxd2 Qh5 6. e3 c5 7. b3 Nc6 8. Be2 Qg6 9. 0-0 Nb4 10. dxc5 Qc2 11. Qxc2 Nxc2 12. Rac1 Nb4 13. a3 Nc6 14. b4 a6 15. Rfd1 b5 16. cxb5 axb5 17. Bxb5 Rxa3 18. Bxc6 dxc6 19. Ne5 Ne7 20. Ndc4 Ra6 21. Nd6+ Kf8 22. Nxc8 Nd5 23. e4 Ra8 24. Nd6 f6 25. Nxc6 Nf4 26. Ra1 Re8 27. Nxe8 Kf7 28. Ra8 Rxe8 29. Rxe8 Kxe8 30. Rd8+ Kf7 31. b5 f5 32. exf5 exf5 33. b6 Ne6 34. b7 Nxd8 35. Nxd8+ Kg6 36. b8Q Kh6 37. Qg3 g5 38. c6 f4 39. Qg4 Kg6 40. c7 h5 41. Qe6+ Kg7 42. c8Q g4 43. Qcd7+ Kf8 44. Qdf7# 1-0

[Event "FICGS class F 000160 email"]
[White "Salinas, Marcelo"]
[Black "Goldmund, Heike"]
[Site "FICGS email"]
[Round "1"]
[Result "1-0"]
[Date "2015.06.01"]
[WhiteElo "1156"]
[BlackElo "1210"]
[PlyCount "157"]
[EventDate "2015.??.??"]
[EventType "tourn (corr)"]
[EventRounds "5"]
[SourceTitle "Corr 2022"]
[Source "ChessBase"]
[SourceDate "2021.10.24"]
[SourceVersion "1"]
[SourceVersionDate "2021.10.24"]
[SourceQuality "1"]

1. e3 d5 2. Qh5 Nf6 3. Qe5 e6 4. Nc3 Bd6 5. Qd4 0-0 6. Nf3 c5 7. Qh4 Nc6 8. Ng5 d4 9. Nce4 h6 10. Nxf6+ Qxf6 11. Nf3 Qf5 12. Bd3 Qf6 13. Qxf6 gxf6 14. exd4 cxd4 15. c3 Bc5 16. b4 Bb6 17. 0-0 e5 18. a4 a6 19. a5 Bc7 20. Be4 Bd7 21. d3 dxc3 22. Ra4 Kg7 23. b5 axb5 24. Bxc6 Bxc6 25. Rh4 Rh8 26. d4 e4 27. Rg4+ Kh7 28. d5 Bxd5 29. Nd4 Rxa5 30. Rh4 Bb6 31. Rxh6+ Kg8 32. Nf5 Bc7 33. Ne7+ Kg7 34. Nxd5 Be5 35. Rxh8 Kxh8 36. f4 Bd4+ 37. Be3 Bxe3+ 38. Nxe3 b4 39. Rb1 Rb5 40. Rb3 Kg7 41. g4 Kf8 42. Kf1 Ke7 43. Ke1 Kd6 44. Kd1 Kc5 45. h4 Kd4 46. Ke2 Kc5 47. h5 Ra5 48. h6 Kb5 49. h7 Ra8 50. Nc2 Kc4 51. Rxb4+ Kc5 52. Rxe4 Rh8 53. Kd3 Rxh7 54. Rc4+ Kd5 55. Ne3+ Kd6 56. Rxc3 Rh3 57. Ke4 Rh1 58. Rd3+ Kc6 59. Rb3 Re1 60. g5 fxg5 61. fxg5 Rg1 62. Kf4 Rh1 63. Rc3+ Kd6 64. Rb3 Kc6 65. Kf5 Rg1 66. Rc3+ Kd7 67. Kf6 b6 68. Rd3+ Kc7 69. Nc4 b5 70. Ne5 Rf1+ 71. Nf3 Kc6 72. Kxf7 Kc5 73. Kg7 Rf2 74. Re3 Rg2 75. Re5+ Kc6 76. g6 b4 77. Kf6 Rg3 78. Ng5 b3 79. g7 1-0

[Event "FICGS rapid E 000151 email"]
[White "Salinas, Marcelo"]
[Black "Piantadosi, Angelo"]
[Site "FICGS email"]
[Round "1"]
[Result "0-1"]
[Date "2015.05.11"]
[WhiteElo "1156"]
[BlackElo "1435"]
[PlyCount "22"]
[EventDate "2015.??.??"]
[EventType "tourn (rapid)"]
[EventRounds "6"]
[SourceTitle "Corr 2022"]
[Source "ChessBase"]
[SourceDate "2021.10.24"]
[SourceVersion "1"]
[SourceVersionDate "2021.10.24"]
[SourceQuality "1"]

1. e3 e5 2. Qh5 Nc6 3. Bc4 d5 4. Bb3 Nf6 5. Qh4 Be7 6. Ba4 Bd7 7. Qg3 0-0 8. Bxc6 Bxc6 9. Qxe5 Bd6 10. Qd4 Re8 11. f3 Bd7 0-1